00000000nam##2200000za#4500
0019.680279
003CaOODSP
00520200330063522
007ta
008150407|1997||||xxc|||||     f|0| 0 fre|d
020 |a0-660-95811-2
040 |aCaOODSP|bfre
043 |an-cn---
0861 |aF2-116/1997Frev
1101 |aCanada. |bMinistère des finances.
24510|aAvant-projet de loi et de règlement concernant la TPS et la TVH
260 |aOttawa - Ontario : |bFinances Canada |c1997.
300 |a114p. ; |c23 cm.
500 |aSommaire: Loi sur la taxe d'accise.--Loi modifiant la Loi sur la taxe d'accise: L.C., 1997, ch. 10.--Avant-projets de règlement.
563 |aCouverture souple
590 |a97-50|b1997-12-12
7760#|tAvant-projet de loi et de règlement concernant la TPS et la TVH / |w(CaOODSP)9.643018